| 000 | 00637nam a22002057a 4500 | ||
|---|---|---|---|
| 005 | 20251108174644.0 | ||
| 008 | 250721s2007 xx 000 0 ara d | ||
| 020 | _a9771438409 | ||
| 082 | 1 | 4 | _aط/372.21/فرح |
| 100 | 1 |
_aفرح، أمل _eمؤلف |
|
| 245 | 1 | 0 | _aأنا إنسان / |
| 264 | 1 |
_aالقاهرة : _bنهضة مصر للطباعة والنشر والتوزيع، _c2007. |
|
| 300 | _a[15 ص ] | ||
| 650 | 1 | 7 | _aالبشريه |
| 650 | 1 | 7 | _aالتعلم |
| 653 | _aاطفال ما قبل المدرسه ( 0 - 5 سنوات ) | ||
| 700 | 1 |
_aحسين، مصطفى _eرسام |
|
| 942 |
_2ddc _cBK |
||
| 999 |
_c114630 _d114630 |
||